| 000 | 00659nam a2200229Ia 4500 | ||
|---|---|---|---|
| 003 | OSt | ||
| 005 | 20220926024645.0 | ||
| 006 | a|||||r|||| 00| 0 | ||
| 007 | ta | ||
| 008 | 220923b |||||||| |||| 00| 0 eng d | ||
| 037 | _cGeneral Book | ||
| 040 |
_aRTL _cRTL _beng |
||
| 041 |
_2eng _aeng |
||
| 082 | _aU43:(G:55), N6 | ||
| 100 |
_aMoughtin Cliff _9331298 |
||
| 245 | 0 |
_aUrban design _b Green dimensions |
|
| 260 |
_aOxford _bButtersworth Heinemann _c1996 |
||
| 300 |
_aix, 183p. Bibliography p.167-71 _ccm. |
||
| 650 | _aUrban Geography | ||
| 942 |
_hU43:(G:55), N6 _cGB _2CC |
||
| 999 |
_c645119 _d645119 |
||